00602nam a2200205Ia 450000500170000000800410001702000150005804000180007304100080009108200210009910000190012024500830013925000120022226000360023430000280027065000250029865000330032365000230035670000170037920230708092414.0210716s1999 xx 000 0 und d a8176353566 cAIMIT LIBRARY aeng a004.65 21bNORP aNorton, Peter. aPeter nortons complete guide to networking /cBy Peter Norton and Dave Kearns. a1st ed. aNew Delhi :bTechmedia ,c2003. axii,576p. ;bPBc24 cm. aNetwork fundamentals aBuilding local area networks aOperating networks aKearns,Dave.